000 00766nam a2200289Ia 4500
001 13434
003 IT-RoPAU
008 130308s9999 xx 000 0 und d
040 _aIT-RoPAU
040 _cIT-RoPAU
041 _aITALIANO
100 _aRondolino Gianni
100 _gCodice Aut. SPICS: 1908
245 _aFortuna di Ingmar Bergman (La)
245 _bStoria del Cinema-3-Autori e tendenze Anni '50 e '60
250 _a1a ed.
260 _aVENEZIA
260 _bMarsilio
260 _c1978 [1° Ed.:1978 - Ed.Ling.Originale:1978]
300 _a"11 p. (prefazione: no ; testo: 11 [pagine: 96-106])"
650 _aSTORIA DEL CINEMA
650 _eCodice materia Spics: 6808
942 _cBK
957 _71
999 _c53628
_d53628
999 _bSI
999 _g1